<?xml version="1.0" encoding="UTF-8"?>
<record
    xmlns:xsi="http://www.w3.org/2001/XMLSchema-instance"
    xsi:schemaLocation="http://www.loc.gov/MARC21/slim http://www.loc.gov/standards/marcxml/schema/MARC21slim.xsd"
    xmlns="http://www.loc.gov/MARC21/slim">

  <leader>01276cam a22002654a 4500</leader>
  <controlfield tag="001">gs 56000069 </controlfield>
  <controlfield tag="003">DLC</controlfield>
  <controlfield tag="005">20260227111403.0</controlfield>
  <controlfield tag="008">890929s1955    dk af    b    000 0 dan c</controlfield>
  <datafield tag="010" ind1=" " ind2=" ">
    <subfield code="a">gs 56000069 </subfield>
  </datafield>
  <datafield tag="035" ind1=" " ind2=" ">
    <subfield code="a">(OCoLC)20414158</subfield>
  </datafield>
  <datafield tag="040" ind1=" " ind2=" ">
    <subfield code="a">U.S. Geol. Survey. Libr.</subfield>
    <subfield code="c">CU</subfield>
    <subfield code="d">CU</subfield>
    <subfield code="d">DLC</subfield>
  </datafield>
  <datafield tag="042" ind1=" " ind2=" ">
    <subfield code="a">premarc</subfield>
  </datafield>
  <datafield tag="050" ind1="0" ind2="0">
    <subfield code="a">QE278</subfield>
    <subfield code="b">.D43a vol. 3, no. 10</subfield>
  </datafield>
  <datafield tag="051" ind1=" " ind2=" ">
    <subfield code="a">S591</subfield>
    <subfield code="b">.T73</subfield>
    <subfield code="c">Copy 2.</subfield>
  </datafield>
  <datafield tag="100" ind1="1" ind2=" ">
    <subfield code="a">Troels-Smith, J.</subfield>
    <subfield code="q">(J&#xF8;rgen),</subfield>
    <subfield code="d">1916-</subfield>
  </datafield>
  <datafield tag="245" ind1="1" ind2="0">
    <subfield code="a">Karakterisering af l&#xF8;se jordarter =</subfield>
    <subfield code="b">Characterization of unconsolidated sediments /</subfield>
    <subfield code="c">J. Troels-Smith.</subfield>
  </datafield>
  <datafield tag="246" ind1="1" ind2=" ">
    <subfield code="a">Characterization of unconsolidated sediments</subfield>
  </datafield>
  <datafield tag="260" ind1=" " ind2=" ">
    <subfield code="a">K&#xF8;benhavn :</subfield>
    <subfield code="b">I kommission hos C.A. Reitzel,</subfield>
    <subfield code="c">1955.</subfield>
  </datafield>
  <datafield tag="300" ind1=" " ind2=" ">
    <subfield code="a">73 p., 13 leaves of plates :</subfield>
    <subfield code="b">diagrs., tables ;</subfield>
    <subfield code="c">24 cm.</subfield>
  </datafield>
  <datafield tag="440" ind1=" " ind2="0">
    <subfield code="a">Danmarks geologiske unders&#xF8;gelse (Series).</subfield>
    <subfield code="n">IV. r&#xE6;kke ;</subfield>
    <subfield code="v">bd. 3, nr. 10</subfield>
  </datafield>
  <datafield tag="501" ind1=" " ind2=" ">
    <subfield code="a">QE278.D43a vol. 3, no. 10 with: Nicolaus Steno (Niels Stensen) and Erasmus Bartholinus : two 17th century Danish scientists and the foundation of exact geology and crystallography / by Axel Garboe. K&#xF8;benhavn : I kommission hos C.A. Reitzel, 1954. Bound together subsequent to publication.</subfield>
    <subfield code="5">DLC</subfield>
  </datafield>
  <datafield tag="504" ind1=" " ind2=" ">
    <subfield code="a">"Citeret og anvendt litteratur": p. [72]-73.</subfield>
  </datafield>
  <datafield tag="650" ind1=" " ind2="0">
    <subfield code="a">Sedimentation and deposition.</subfield>
  </datafield>
  <datafield tag="999" ind1=" " ind2=" ">
    <subfield code="c">29029</subfield>
    <subfield code="d">29029</subfield>
  </datafield>
</record>
